| 000 | 00416nam a2200157 4500 | ||
|---|---|---|---|
| 001 | 148363 | ||
| 003 | ES-MaACL | ||
| 005 | 20230906202601.0 | ||
| 007 | t| | ||
| 008 | 070214s1934 sp r ||||1| spa d | ||
| 100 | 1 |
_aStefanich, Juan. _9107995 |
|
| 245 | 1 | 3 |
_aLa guerra del Chaco / _cJuan Stefanich. |
| 260 |
_aAsunción (Paraguay) : _b[s. n.], _c1934. |
||
| 300 |
_a175 p. ; _c19 cm. |
||
| 852 |
_aES-MaACL _jA-3078 |
||
| 999 |
_c148363 _d148363 |
||